Quizzes
Events
Quiz Creation
Community
Videos
Private Events
Remove Ads
Sign In
Join for FREE
Feedback
Dark Mode
Quiz Categories
Sports
Geography
Music
Movies
Television
Just For Fun
Miscellaneous
History
Literature
Language
Science
Gaming
Entertainment
Religion
Holiday
For Kids
Quiz Lab
Recent
Popular Today
Quiz Kudos Today
Editor Picks
Curator Picks
Quizzes by...
Day
Popularity
Type
Ratings
Length
Year
Community
Subscriptions
Recent Discussions
Orange Saloon
Badges
Playlists
Quests
Create
Leaderboards
Showdown
Live 5
Trivia Bingo
Activity
Puzzle Library
Sporcle Events
Private Events
Virtual Trivia
Globe League
Become a Host
Pub Owners
SporcleCon
Opinionation
Our Games
Videos
Blog
Mobile Apps
Partnerships
Remove Ads and Go Orange
Feedback
Music
Pop Music
The Beatles
Song
Album
Lyrics
Bands
Singers
Artist
Clip
Rock
Rap
Classical
Billboard
Country Music
Kpop
Taylor Swift
Music
Pop Music
The Beatles
Song
Album
Lyrics
Bands
Singers
Artist
Clip
Rock
Rap
Classical
Billboard
Country Music
Kpop
Taylor Swift
Random Quiz
Search Sporcle
×
Quiz Lab
Quiz Lab
Music
Song
Type in answers that appear in a list
Type in answers that appear in a list
Classic
Best Score? Go Orange.
Current 2011 songs Stats
Can you name the artists to these current 2011 songs?
By
TommyD25
15m
40 Questions
54 Plays
54 Plays
54 Plays
Comments
Comments
Give Quiz Kudos
Give Quiz Kudos
-
- Ratings
hide this ad
Wrong Answers
Some wrong answers will appear in red
Some wrong answers will appear in red
Random Order
Randomize order of answers
Randomize order of answers
Replay
Link that replays current quiz
Next Quiz
Link to next quiz in quiz playlist
You Got
0%
They Got
Avg Score
41%
Avg Friend Score
Upgrade to see
Score Distribution
Jump to the score distribution portion of the page
Score
0/40
Timer
15:00
0
Plays Today
Song
Artist
% Correct
Sexy and i know it
???
90.7%
Moves Like Jagger
???
88.9%
We found Love
???
79.6%
Paradise
???
77.8%
Charlie Brown
???
77.8%
Every Teardrop Is A waterfall
???
77.8%
Glad you came
???
70.4%
Lightning
???
70.4%
Countdown
???
70.4%
Best thing i never had
???
70.4%
The A team
???
66.7%
Lego House
???
66.7%
You need me, I don't need you
???
66.7%
Jar Of Hearts
???
55.6%
Stay Awake
???
42.6%
Changed the way you kissed me
???
42.6%
Natural Disaster
???
42.6%
Midnight Run
???
42.6%
At your Inconvenience
???
38.9%
Read all about it
???
38.9%
Song
Artist
% Correct
Feel so Close
???
38.9%
Down with the trumpets
???
35.2%
Fly
???
31.5%
Promises
???
25.9%
Guilt
???
25.9%
Crush On You
???
25.9%
Who you are
???
25.9%
Don't Go
???
22.2%
Shake it out
???
20.4%
What the water gave me
???
20.4%
Video Games
???
18.5%
Collide
???
16.7%
Jealousy
???
16.7%
Come on
???
16.7%
When we were young
???
14.8%
Love Love
???
14.8%
Called out in the dark
???
7.4%
This isn't everything you are
???
7.4%
Up
???
5.6%
Re-
Wired
???
3.7%
Quiz Playlist
Details
Report
Send in Message
Add To Playlist
Classic:
Type in answers that appear in a list
Wrong Answers:
Some wrong answers will appear in red
Random Order:
Randomize order of answers
Last Updated: Feb 16, 2017
Quiz Scoreboard
CHALLENGE
Sign Up to Join the Scoreboard
Show All
Scores
Hide
Comments
May contain spoilers
Recently Published
Decade Duel: World Leaders
by jenniferyan
History
4m
Alphabetical 'K' Countries by Flag Minefield
by ylime102
Geography
3m
Pick 6: Fruits
by JohnFran
Miscellaneous
15s
More to Explore
Quiz From the Vault
Featured Blog Post
15 Basketball Trivia Facts You Can Be March Mad About
hide this ad
You Might Also Like...
Tags
Song Quiz
2011
Today's Top Quizzes in Music
Browse Music
hide this ad
Today's Top Quizzes in Song
Browse Song
Top Contributed Quizzes in Music
1
Taylor Swift All Songs (2024)
2
Taylor Swift Logic Puzzle
3
KPOP LOGIC QUIZ
4
Guess the Taylor Swift song (Mystery Song)
5
A Taylor Swift Logic Puzzle
6
Guess The Taylor Swift Lyrics Song #1
7
kpop group name match up
8
K-Pop : 100 Debut Songs (Part 1 of 3)
9
2 word kpop group match
10
Madness Songs By Image
Explore More
Trending Topics
Harry Potter
Anime
NBA
Marvel
Disney
Kpop
Crossword
Puzzle
Song
Pokémon
Country
The Office
WWE
NFL
Soccer
hide this ad
More By:
TommyD25
Quiz
Plays
Rating
Category
Featured
Created
Coldplay or Takethat
781
Music
Nov 9, 2011
European footballing countries
175
3.00
Sports
Nov 8, 2011
Name The artist
71
1.33
Music
Nov 9, 2011
clubs of Europe
71
1.00
Sports
Nov 9, 2011
current 2011 songs
54
1.00
Music
Nov 10, 2011
Go to Creator's Profile
Score Distribution
Quiz Creator Spotlight
TommyD25
Follow
Send a Message
Quizzes Created
-
Created Quiz Play Count
-
More By This Creator
Popular Quizzes Today
1
Countries of Asia Without Outlines Minefield
2
Find the US States - No Outlines Minefield
3
Pick 6: Fruits
4
The Countries of the World
5
Alphabetical 'K' Countries by Flag Minefield
6
Find the Countries of Europe - No Outlines Minefield
7
US States
8
Find the US States
More Music Quizzes
Songs with Covers pt. 2
Quiz Lab
Trending Quizzes
Pick 6: Mountains
Pick 6: Harry Potter
Pick 6: Flags
Pick 6: NFL Teams
Pick 6: Movie Franchises
Recently Updated
Adaptations: Name the Title
pecheneg
NWSL Teams
pecheneg
Women's Final Four Teams by Year
bhenderson79
Presidents Quartet II
eogle
Anything But Clue(do)
eogle
Anything But Oceanian Capitals
eogle
Anything But 7
eogle
Anything But Thing
eogle
Word Ladder: February 29
pecheneg
Song Title Questions
pecheneg
Trending Topics
Marvel
Harry Potter
Crossword
NBA
Disney
Kpop
Anime
WWE
Country
Puzzle
NFL
Song
Soccer
The Office
Pokémon
Your Account Isn't Verified!
In order to create a playlist on Sporcle, you need to verify the email address you used during registration. Go to your
Sporcle Settings
to finish the process.
Report this User
Report this user for behavior that violates our
Community Guidelines
.
Details:
Send Report
Go to the Sporcle.com Mobile Site →
Comments